Score 0/30 Timer 05:00
3 Plays Today
Hint Answer % Correct
Liquid fat that may be extra virginOlive oil
91.7%
Airplane's flight recorder (though usually orange)Black box
86.7%
Home to billions of stars, or nougat and caramelMilky Way
86.3%
Period when the Flintstones livedStone Age
84.6%
France defeated Croatia in its 2018 FinalWorld Cup
83.9%
Wisconsin city home to the PackersGreen Bay
83.4%
Paper cone given to unruly schoolchildrenDunce cap
83.1%
Fast food restaurant for Pepperoni Lovers®Pizza Hut
82.1%
Armed conflict within one nationCivil war
82%
Martial artist who starred in Fist of FuryBruce Lee
75.9%
Personification of America often used in cartoonsUncle Sam
75.7%
Argon, krypton, or radon, e.g.Noble gas
74.6%
Barrie character who wouldn't grow upPeter Pan
73.8%
'The other I', like Bruce Wayne to BatmanAlter ego
68.7%
Holiday dedicated to planting treesArbor Day
68%
Hint Answer % Correct
Crosstown rival of the Chicago CubsWhite Sox
67.7%
Arigat┼Ź, Danke, or EfkharistoThank you
64.4%
Body of water between Norway and the UKNorth Sea
61.7%
Immediate medical assistanceFirst aid
58.7%
Hebrew phrase used to express congratulationsMazel tov
56.6%
Queen lead guitarist who wrote 'We Will Rock You'Brian May
51.8%
Molded glass food container with a screw topMason jar
49.9%
Highest-frequency electromagnetic radiationGamma ray
48.8%
Eddie Vedder's alt-rock band, formed in Seattle in 1990Pearl Jam
48.7%
Seemingly spontaneous public performanceFlash mob
48.3%
1956 Elvis Presley hit written by Leiber & StollerHound Dog
43.1%
Pattern consisting of regularly placed circlesPolka dot
39.4%
Actress in Calamity Jane and Pillow TalkDoris Day
39.1%
Hawaiian volcano, world's tallest from base to peakMauna Kea
25.5%
Unsaturated lipid found in hydrogenated oilsTrans fat
25.3%
Remove Ads.
Support Sporcle.
Get the best of Sporcle when you Go Orange. This ad-free experience offers more features, more stats, and more fun while also helping to support Sporcle. Thank you for becoming a member.

You're not logged in!

Compare scores with friends on all Sporcle quizzes.
OR
Log In

Show Comments

Extras

Top Quizzes Today


Score Distribution

Your Account Isn't Verified!

In order to create a playlist on Sporcle, you need to verify the email address you used during registration. Go to your Sporcle Settings to finish the process.

Report this User

Report this user for behavior that violates our Community Guidelines.

Details: